• 首页
  • 本馆介绍
  • 公告通知
  • 最新文献
  • 馆藏检索
  • 电子资源
  • 读者导购
  • 参考咨询
  • 我的图书馆
  • 登录
  • 详细信息显示
  • 放入我的书架
  • 预约/预借图书
  • 作者相关作品
  • 分类相关作品
  • 丛书相关作品
  • 出版社相关作品

书目信息

  • 表格格式
  • 工作单格式
  • 卡片格式
题名:
交通工程项目经济研究
    
 
作者: 刘红 , 龙政伟 , 阎燕 著
分册:  
出版信息: 长春   吉林科学技术出版社  2022.04
页数: 203页
开本: 26cm
丛书名:
单 册:
中图分类: U491
科图分类:
主题词: 交通工程--jiao tong gong cheng--经济评价
电子资源:
ISBN: 978-7-5578-9542-6
000 01134nam0 2200265 450
001 CAL 012022047810
005 20230217093112.0
010    @a978-7-5578-9542-6@dCNY48.00
100    @a20221108d2022 em y0chiy0120 ea
101 0  @achi
102    @aCN@b220000
105    @aa a 000yy
106    @ar
200 1  @a交通工程项目经济研究@Ajiao tong gong cheng xiang mu jing ji yan jiu@f刘红, 龙政伟, 阎燕著
210    @a长春@c吉林科学技术出版社@d2022.04
215    @a203页@c图@d26cm
320    @a有书目 (第202-203页)
330    @a本书讲述交通工程项目经济的评估, 首先从工程经济分析的基本要素与估算出发, 详细阐述了交通工程项目经济的评价方法 ; 重点分析了道路工程项目的可行性以及道路的招投标、概预算与工程定额 ; 同时又从投资项目的资金筹措、公路施工企业的会计实务和设备的经济分析对交通工程项目经济进行探讨, 旨在实现经济的最优化实施 ; 最后通过交通建设项目后评价来实践交通工程项目。
606 0  @a交通工程@Ajiao tong gong cheng@x经济评价
690    @aU491@v5
701  0 @a刘红@Aliu hong@4著
701  0 @a龙政伟@Along zheng wei@4著
701  0 @a阎燕@Ayan yan@4著
801  0 @aCN@bBJXHZP@c20230228
905    @b1404223-6@dU491@e1116@f4
    
    交通工程项目经济研究/刘红, 龙政伟, 阎燕著.-长春:吉林科学技术出版社,2022.04
    203页:图;26cm
    
    
    ISBN 978-7-5578-9542-6:CNY48.00
    本书讲述交通工程项目经济的评估, 首先从工程经济分析的基本要素与估算出发, 详细阐述了交通工程项目经济的评价方法 ; 重点分析了道路工程项目的可行性以及道路的招投标、概预算与工程定额 ; 同时又从投资项目的资金筹措、公路施工企业的会计实务和设备的经济分析对交通工程项目经济进行探讨, 旨在实现经济的最优化实施 ; 最后通过交通建设项目后评价来实践交通工程项目。
●
相关链接 在E读中查询图书 在五车中查询图书 在当当中查询图书 在豆瓣中查询图书


正题名:交通工程项目经济研究     索取号:U491/1116         预约/预借

序号 登录号 条形码 馆藏地/架位号 状态 备注
1 1404223   214042230   第二样本阅览室/ [索取号:U491/1116] 在馆    
2 1404224   214042249   第三借阅区/ [索取号:U491/1116] 在馆    
3 1404225   214042258   第三借阅区/ [索取号:U491/1116] 在馆    
4 1404226   214042267   第三借阅区/ [索取号:U491/1116] 在馆    
唐山师范学院图书馆 欢迎您!
大连网信软件有限公司© 版权所有